|
|
|
|
| LEADER |
00000nam0a2200000 4500 |
| 001 |
34564 |
| 005 |
20231030225812.0 |
| 035 |
|
|
|a (RuTPU)RU\TPU\book\34966
|
| 035 |
|
|
|a BOOK00001617
|
| 090 |
|
|
|a 34564
|
| 100 |
|
|
|a 20011210d1985 m y0rusy50 ca
|
| 101 |
0 |
|
|a rus
|
| 102 |
|
|
|a RU
|
| 105 |
|
|
|a y j 000zy
|
| 200 |
1 |
|
|a Сборник задач по геофизическим методам разведки
|e учебное пособие
|f А. А. Огильви, Э. Н. Кузьмина, З. Г. Ященко
|
| 210 |
|
|
|a Москва
|c Недра
|d 1985
|
| 215 |
|
|
|a 200 с.
|
| 225 |
1 |
|
|a Высшее образование
|
| 610 |
1 |
|
|a разведочная геофизика
|
| 610 |
1 |
|
|a интерпретация геофизических данных
|
| 610 |
1 |
|
|a примеры
|
| 610 |
1 |
|
|a задачи
|
| 610 |
1 |
|
|a решения
|
| 610 |
1 |
|
|a геофизические методы
|
| 610 |
1 |
|
|a комплексирование
|
| 610 |
1 |
|
|a учебные пособия
|
| 675 |
|
|
|a 550.83(076)
|v 3
|
| 700 |
|
1 |
|a Огильви
|b А. А.
|g Александр Александрович
|
| 701 |
|
1 |
|a Кузьмина
|b Э. Н.
|g Эрна Николаевна
|
| 701 |
|
1 |
|a Ященко
|b З. Г.
|g Зоя Григорьевна
|
| 801 |
|
0 |
|a RU
|b 63413507
|c 20011210
|g PSBO
|
| 801 |
|
2 |
|a RU
|b 63413507
|c 20150219
|g PSBO
|
| 900 |
|
|
|a Геофизические методы поисков и разведки МПИ
|
| 942 |
|
|
|c BK
|